Teoria do direito

Bibliographic Details
Main Author: de Moraes Mello, Cleyson
Format: eBook
Language:Portuguese
Published: Rio de Janeiro: Editora Processo, 2020
Subjects:
Online Access:Acceso restringido

MARC

LEADER 00000nam a22000007a 4500
005 20220817224414.0
007 cr|||| ||||
008 220817s2020 br |||||s|||| 00||0 por d
020 |a 978-85-93741-76-0 
035 |a 36858 
040 |a vLex 
090 |c 13736  |d 13736 
100 1 |a de Moraes Mello, Cleyson 
245 1 0 |a Teoria do direito  |h [Recurso electrn̤ico] /  |c Cleyson de Moraes Mello 
256 |a Servicio en ln̕ea 
260 |a Rio de Janeiro:  |b Editora Processo,  |c 2020 
300 |a 1 recurso electrn̤ico 
500 |a Este livro pretende introduzir o leitor no estudo de ideias cujo conhecimento nenhum jurista pode prescindir. Sob o tt̕ulo de Teoria do Direito aplaca a obra a inquietaȯ̂ mais profunda do estudioso de alcanȧr o pensamento verdadeiramente essencial no cultivo e na aplicaȯ̂ das Cin̊cias Jurd̕icas. Ren︢em-se neste livro nô somente a tčnica do Direito que se aprende e se ensina nas faculdades, vale dizer, as regras em vigor em um dado momento ou do direito vivo em uma sociedade, mas os pressupostos indispensv̀eis ̉compreensô de todo o Direito. A obra constitui a chave de um cruzamento nô somente tčnico, assp̌tico e apolt̕ico - como ocorre no mais das vezes -, desprovido de questionamentos dos conflitos sociais e econm̥icos, mas, ao contrr̀io, entendido e compreendido tanto no Direito Privado como no Direito Pb︢lico, na Histr̤ia do Direito e na Filosofia jurd̕ica em uma exposiȯ̂ n︢ica que somente a pena de um professor experiente e observador poderia conceber. O livro ̌por outro lado um manual e enquanto tal nô pode deixar de referir-se ao conjunto de anl̀ises das ideias que fundamentam o Direito. A originalidade est,̀ entretanto, na sua capacidade de evocar as tendn̊cias mais evidentes do Direito Natural ao Pensamento Jusfilosf̤ico Moderno, do Direito Positivo ̉Teoria dos casos difc̕eis. Um reconhecimento particular ao Professor Cleyson de Moraes Mello, a quem queremos e devemos lembrar por sua aptidô de estimular os estudos de Direito de modo refletido e por ser capaz de induzir questionamentos, nunca tô novos, nunca tô antigos. 
506 1 |a Disponible solo en los productos indicados  |d vLex Global  |d vLex Global (Academic Edition, excluding Law Schools)  |d vLex Global (U.S. Academic Edition, Law Schools)  |d vLex Global (U.S. Academic Edition, excluding Law Schools)  |d vLex Global (Academic Edition, Law Schools) 
650 0 4 |a Derecho Militar  |z Brasil 
650 0 4 |a Filosofa̕ y religin̤  |z Brasil 
740 0 |a vLex Libros (Servicio en ln̕ea) 
856 4 0 |u https://app.vlex.com/#/sources/36858  |z Acceso restringido 
942 |c BOOK 
999 0 |a Military Law 
999 0 |a Philosophy and religion